FIFA-Klub-WM Teilnehmer 2025 - Statistiken

Allgemein
  • Dieses Quiz wurde 247 mal gespielt
  • Das Durchschnittsergebnis liegt bei 16 aus 32
Antwortstatistiken
Konföderation Klub % Korrekt
UEFA Real Madrid
98%
UEFA FC Bayern München
97%
UEFA Borussia Dortmund
94%
UEFA Manchester City
92%
UEFA Inter Mailand
87%
UEFA PSG
84%
UEFA Chelsea
83%
UEFA Atletico Madrid
81%
UEFA Juventus Turin
74%
UEFA Benfica Lissabon
72%
CONCACAF Inter Miami
65%
UEFA FC Porto
59%
CONMEBOL Boca Juniors
55%
CONMEBOL River Plate
54%
UEFA RB Salzburg
52%
AFC Al-Hilal
51%
CONMEBOL Flamengo
48%
CONMEBOL Botafogo
40%
AFC Ulsan HD FC
40%
CONMEBOL Fluminense
39%
CAF Al-Ahly
37%
CONMEBOL Palmeiras
36%
CONCACAF Seattle Sounders
35%
CAF Mamelodi Sundowns
29%
CONCACAF CF Monterrey
27%
CONCACAF CF Pachuca
17%
CAF ES Tunis
17%
OFC Aukland City
16%
AFC AL-Ain
14%
AFC Urawa Red Diamonds
14%
CAF Wydad AC Casablanca
12%
CONCACAF Club Leon
10%
Keine übereinstimmenden Quizze gefunden
Verteilung der Resultate
Anzahl Personen mit jedem Resultat
Perzentil nach korrekt beantworteten Fragen
Ihre Resultats-Entwicklung
Sie haben dieses Quiz noch nicht gespielt